Μυθιστορία

Αποθηκεύτηκε σε:
Λεπτομέρειες βιβλιογραφικής εγγραφής
Κύριος συγγραφέας: Beer, Gillian
Μορφή: Βιβλίο
Γλώσσα:Greek
Δημοσίευση: [χ.τ.] : Methuen & Co Ltd ; Ερμής, [1989] ανατ.
Σειρά:Η γλώσσα της κριτικής ; ; 15
Θέματα:
Ετικέτες: Προσθήκη ετικέτας
Δεν υπάρχουν, Καταχωρήστε ετικέτα πρώτοι!

MARC

LEADER 00000nam a2200000 i 4500
001 1/86725
008 960913s1989 gre d
035 |a 1993  |b 1  |c Αναγνωστοπούλου  |l 10035050 
040 |a GR-MY-UA  |b gre  |e aacr 
041 0 |a gre 
082 0 |a 808.3 
100 1 |a Beer, Gillian. 
245 1 0 |a Μυθιστορία /  |c Gillian Beer 
260 |a [χ.τ.] :   |b Methuen & Co Ltd ; Ερμής,   |c [1989] ανατ. 
300 |a 134 σ. 
490 1 |a Η γλώσσα της κριτικής  |v ; 15 
650 0 0 |a Fiction  |x Technique. 
830 0 |a Η γλώσσα της κριτικής ;  |v ; 15 
852 |a INST  |b RHODES  |e 19960913  |h 808.3 BEE  |p 005400009864  |q 005400009864  |t BK  |y 0 
909 |a Ρ  |b 025091  |c 1993 
970 |z 2000/07/ΚΑΤΕΡΙΝΑ